LEADER 02906nam 2200697Ia 450 001 9911019780503321 005 20251116153357.0 010 $a9786611732554 010 $a9780470438565 010 $a0470438568 010 $a9781281732552 010 $a1281732559 010 $a9780470368718 010 $a0470368713 010 $a9780470369975 010 $a0470369973 035 $a(CKB)1000000000537144 035 $a(EBL)353559 035 $a(SSID)ssj0000123014 035 $a(PQKBManifestationID)11141217 035 $a(PQKBTitleCode)TC0000123014 035 $a(PQKBWorkID)10131343 035 $a(PQKB)10661837 035 $a(MiAaPQ)EBC353559 035 $a(MiAaPQ)EBC4025424 035 $a(OCoLC)264621197 035 $a(Perlego)1008904 035 $a(iGPub)WILEYB0011655 035 $a(EXLCZ)991000000000537144 100 $a20080110d2008 uy 0 101 0 $aeng 135 $aur|n|---||||| 181 $ctxt 182 $cc 183 $acr 200 10$aClassical and adaptive clinical trial designs using ExpDesign Studio [trademark symbol] /$fMark Chang 205 $a1st ed. 210 $aHoboken, N.J. $cJohn Wiley$dc2008 215 $a1 online resource (280 p.) 300 $aDescription based upon print version of record. 311 08$a9780470276129 311 08$a0470276126 320 $aIncludes bibliographical references and index. 327 $aExpDesign Studio -- Clinical trial design -- Classical trial design -- Group sequential trial design -- Adaptive trial design -- Adaptive trial monitoring -- Oncology adaptive trial design -- Adaptive trial simulator -- Further assistance from ExpDesign Studio. 330 $aExpDesign Studio facilitates more efficient clinical trial design This book introduces pharmaceutical statisticians, scientists, researchers, and others to ExpDesign Studio software for classical and adaptive designs of clinical trials. It includes the Professional Version 5.0 of ExpDesign Studio software that frees pharmaceutical professionals to focus on drug development and related challenges while the software handles the essential calculations and computations. After a hands-on introduction to the software and an overview of clinical trial designs encompassing numerous variations 606 $aDrugs$xTesting$xComputer simulation 606 $aAdaptive sampling (Statistics) 606 $aClinical trials$xData processing 615 0$aDrugs$xTesting$xComputer simulation. 615 0$aAdaptive sampling (Statistics) 615 0$aClinical trials$xData processing. 676 $a615.50724 676 $a615/.190113 700 $aChang$b Mark$0520702 801 0$bMiAaPQ 801 1$bMiAaPQ 801 2$bMiAaPQ 906 $aBOOK 912 $a9911019780503321 996 $aClassical and adaptive clinical trial designs using ExpDesign Studio$94422926 997 $aUNINA